000 01045nam a22003257a 4500
003 CHAP
005 20220329141458.0
008 971013s1970 r 00010 d
010 _a68800
011 _a69772
035 _a79250
040 _cCHAP
082 _a519.5
_bC32 1970
100 0 0 _aCalzada Benza, José.
_917631
245 _aMétodos estadísticos para la investigación
250 _a3 ed.
260 _aLima :
_bEd. Jurídica,
_c1970
300 _a643 p.
590 _aBATCH-UPD
_b10
_c20130110
_lUCH01
_h0707
590 _aBATCH-UPD
_b10
_c20130410
_lUCH01
_h0352
590 _aBATCH-UPD
_b10
_c20130914
_lUCH01
_h0332
590 _aCONVERSION
_b10
_c20130109
_lUCH01
_h1338
650 1 4 _aAgricultura
_xExperimentación.
_91476
650 1 4 _aAgricultura
_xMetodos estadisticos.
_91745
650 1 4 _aEstadística
_xMetodología.
_938253
901 _aBK
942 _cLIBRO
949 _a519.5 C32 1970
_bBC
_cESP
_d-86496
_eESP
_fc.2
_h37812
_i79250
_si
949 _a519.5 C32 1970
_bBC
_cLIBRO
_d33724000929493
_eLIBRO
_h29146
_i79250
_mD
_so
999 _c68800
_d68800